| 000 | 00428nam a2200169 4500 | ||
|---|---|---|---|
| 005 | 20260511101257.0 | ||
| 008 | 260511b |||||||| |||| 00| 0 eng d | ||
| 020 | _a9781462544196 | ||
| 082 |
_a150 _bBEC-C |
||
| 100 | _aBeck S.Judith | ||
| 245 |
_aCognitive Behaviour Therapy _bBasics And Beyond |
||
| 250 | _a3rd Ed | ||
| 260 |
_aNew York _bThe Guilford Press |
||
| 300 | _a434p | ||
| 650 | _aPsychology | ||
| 942 | _cBK | ||
| 999 |
_c47557 _d47557 |
||